000 01126nam a2200301 i 4500
001 176026
003 ES-MaACL
005 20250830062810.0
007 t|
008 101210s1971 sp ||||1| spa d
080 _a27-42
100 1 _aMausbach, J.
_9144248
245 1 0 _aTeología moral católica.
_nII,
_pMoral especial /
_cJ. Mausbach, G. Ermecke ; [versión española realizada por Manuel García Aparisi ; revisión del texto y adaptación bibliográfica por José López Navarro].
250 _a11ª ed.
260 _aPamplona :
_bEdiciones Universidad de Navarra,
_c1971.
300 _aXXIV, 476 p. ;
_c22 cm.
490 1 _aBiblioteca de Teología ;
_v10
500 _aÍndices.
594 _aTít. original: Katholische Moraltheologie.
650 7 _aMoral cristiana
_2embne
_9142371
700 1 _aErmecke, Gustav.
_9144249
700 1 _aGarcía Aparisi, Manuel.
_9144245
700 1 _aLópez Navarro, José.
_973822
710 2 _aUniversidad de Navarra.
_97252
830 0 0 _aBiblioteca de teología
_v10
_9183765
852 _aES-MaACL
_jE-13760
_xOlim P-316-Ter
999 _c176026
_d176026